Conserving Tropical Rain Forests in Indonesia-A CGE Analysis of Alternative Policies

Gespeichert in:
Bibliographische Detailangaben
1. Verfasser: Thiele, Rainer
Format: Buch
Sprache:Englisch
Veröffentlicht: Kiel Institut für Weltwirtschaft 1994
Schriftenreihe:Kiel Working Paper No.621
Schlagworte:
Tags: Tag hinzufügen
Keine Tags, Fügen Sie das erste Tag hinzu!

MARC

LEADER 00000nam a2200000 4500
001 c005394
005 20250521092900.4
041 0 |a eng 
044 |a DE 
245 1 0 |a Conserving Tropical Rain Forests in Indonesia-A CGE Analysis of Alternative Policies  |c Rainer Thiele 
264 1 |a Kiel  |b Institut für Weltwirtschaft  |c 1994 
300 |a 26 s. 
490 1 |a Kiel Working Paper  |v No.621 
830 0 |a Kiel Working Paper  |v No.621 
610 2 0 |a ochrana prostredia životného 
610 2 0 |a Indonézia 
610 2 0 |a lesy 
610 2 0 |a zdroje prírodné 
610 2 0 |a modely rovnováhy 
610 2 0 |a politika hospodárska 
610 2 0 |a lesníctvo 
610 2 0 |a priemysel drevársky 
610 2 0 |a ekológia 
610 2 0 |a poľnohospodárstvo 
100 1 |a Thiele, Rainer